000 00604nam a2200193Ia 4500
003 GCL
008 140319s9999 xx 000 0 ara d
040 _aGCL /
_cGCL
082 0 4 _a320.01
_bع س
100 1 _aعلى اومليل
245 1 0 _aالسلطة الثقافية والسلطة السياسية /
_cعلى اومليل
300 _a280 ص
490 _aالهيئة العامة للاستعلامات
_v0
650 0 4 _aالسياسة
650 0 4 _aالثقافة السياسية
650 0 4 _aالسلطة السياسية
650 0 4 _aالمثقفون العرب
942 _2ddc
_cBK
999 _c48886
_d48886